| 000 | 00436nam a2200169 a 4500 | ||
|---|---|---|---|
| 001 | 4574 | ||
| 003 | CDMR | ||
| 005 | 20130313135133.0 | ||
| 008 | 130130s1984||||||||||||||||||||||||||||d | ||
| 020 | _a8450503485 | ||
| 040 |
_aCDMR _bcat _cCDMR |
||
| 111 |
_93032 _aFotoPres _cBarcelona _d1984 _n2n |
||
| 245 | 1 | 0 | _aFoto Pres 1984 |
| 260 |
_aBarcelona _c1984 _bFundació Caixa de Pensions |
||
| 500 | _aCatàleg d'exposició | ||
| 942 |
_cMON _2udc |
||
| 999 |
_c4574 _d4574 |
||